000
00337nam a2200145Ia 4500
008
221030s9999 xx 000 0 und d
041
_a
English
082
_a
105.23
_b
Mok
100
_a
V. S. Mokashi
245
0
_a
Engineering Mechanics Statics
260
_b
TMH
_a
New Delhi
_c
1995
300
_a
535
650
_a
Mechanical
942
_c
BK
999
_c
1423
_d
1423